header

Professional discretion in welfare services (Record no. 90305)

MARC details
000 -LEADER
fixed length control field 01797nam a2200373 a 4500
082 04 - DEWEY DECIMAL CLASSIFICATION NUMBER
Classification number 361.0068
100 1# - MAIN ENTRY--AUTHOR NAME
Personal name Evans, Antony.
245 10 - TITLE STATEMENT
Title Professional discretion in welfare services
260 ## - PUBLICATION, DISTRIBUTION, ETC. (IMPRINT)
Place of publication Burlington, Vt. :
Name of publisher Ashgate,
Year of publication c2010.
300 ## - PHYSICAL DESCRIPTION
Number of Pages 185 p. :
Other physical details ill.
490 1# - SERIES STATEMENT
Series statement Contemporary social work studies
505 0# - FORMATTED CONTENTS NOTE
Formatted contents note The street-level bureaucracy perspective and discretion -- Social services street-level bureaucracies -- Management and professionals : arguments and perspectives on discretion -- Researching discretion : the case study outlined -- "Managers" are they all the same? -- Senior managers and the remote control of practice -- Local managers and practitioners : conflict or collaboration in supervision?
650 #0 - SUBJECT ADDED ENTRY--TOPICAL TERM
Topical Term Social work administration.
Topical Term Administrative discretion.
Topical Term Social workers.
Topical Term Social service.
856 40 - ELECTRONIC LOCATION AND ACCESS
Uniform Resource Identifier http://site.ebrary.com/lib/rucke/Doc?id=10392152

No items available.

© 2026 Rongo University
Contact us: librarian | system librarian | Rongo university